Clasificación histórica de la Primera División Española - Estadísticas

Estadísticas generales
  • Esta prueba ha sido intentada 129 veces
  • La puntuación promedio es 18 de 20
Estadísticas de respuestas
Top Puntos Temporadas
jugadas
Equipo % Correcto
4864 94 Barcelona
100%
4970 94 Real Madrid
100%
3756 90 Valencia
100%
3988 88 Atlético Madrid
99%
2287 59 Real Betis
99%
3248 81 Sevilla
99%
3745 94 Athletic Club
98%
2987 78 Real Sociedad
96%
3005 88 Espanyol
93%
17° 1380 25 Villarreal
92%
11° 2108 59 Celta de Vigo
91%
12° 1843 46 Deportivo La Coruña
90%
10° 2109 58 Real Zaragoza
88%
13° 1629 47 Real Valladolid
83%
20° 1084 36 Las Palmas
82%
18° 1318 32 Mallorca
82%
14° 1596 43 Osasuna
81%
15° 1415 44 Racing de Santander
75%
16° 1389 42 Real Sporting de Gijón
75%
19° 1174 38 Real Oviedo
70%
No se encontraron pruebas coincidentes
Distribución de puntuación
Porcentaje de gente con cada puntuación
Porcentaje por número respondido
Historial de tus puntuaciones
No has intentado esta prueba.